Statistics for 90 secs Countries of the World: by Land and Maritime Borders

Click here to take the quiz!

General Stats

  • This quiz has been taken 4,574 times
  • The average score is 139 of 196

Answer Stats

CountryBordering Countries% Correct
United StatesBahamas, Canada, Cuba, Mexico, Russia
99%
ChinaAfghanistan, Bhutan, Burma, India, Japan, Kazakhs.., Kyrgyzs.., Laos, Mongoli.., Nepal, North K.., Pakista.., Philipp.., Russia, South K.., Taiwan, Tajikis.., Vietnam
99%
FranceAndorra, Belgium, Brazil, Germany, Italy, Luxembo.., Monaco, Netherl.., Spain, Surinam.., Switzer.., United ..
99%
RussiaAzerbaijan, Belarus, China, Estonia, Finland, Georgia, Japan, Kazakhs.., Latvia, Lithuan.., Mongoli.., North K.., Norway, Poland, Sweden, Turkey, Ukraine, United ..
99%
North KoreaChina, Japan, Russia, South K..
98%
JapanChina, North K.., Philipp.., Russia, South K.., Taiwan
98%
KazakhstanChina, Kyrgyzs.., Russia, Turkmen.., Uzbekis..
98%
MongoliaChina, Russia
98%
TurkeyArmenia, Azerbai.., Bulgari.., Cyprus, Egypt, Georgia, Greece, Iran, Iraq, Romania, Russia, Syria, Ukraine
98%
SwedenDenmark, Estonia, Finland, Germany, Latvia, Lithuan.., Norway, Poland, Russia
98%
PolandBelarus, Czech R.., Denmark, Germany, Lithuan.., Russia, Slovaki.., Sweden, Ukraine
98%
GermanyAustria, Belgium, Czech R.., Denmark, France, Luxembo.., Netherl.., Poland, Sweden, Switzer.., United ..
97%
BrazilArgentina, Bolivia, Colombi.., France, Guyana, Paragua.., Peru, Surinam.., Uruguay, Venezue..
97%
NorwayDenmark, Finland, Russia, Sweden, United ..
97%
PakistanAfghanistan, China, India, Iran, Oman
97%
IndiaBangladesh, Bhutan, Burma, China, Indones.., Maldive.., Nepal, Pakista.., Sri Lan.., Thailan..
97%
AzerbaijanArmenia, Georgia, Iran, Russia, Turkey, Turkmen..
97%
United KingdomBelgium, Denmark, France, Germany, Ireland, Netherl.., Norway, Spain
97%
UkraineBelarus, Georgia, Hungary, Moldova, Poland, Romania, Russia, Slovaki.., Turkey
97%
SpainAlgeria, Andorra, France, Italy, Morocco, Portuga.., United ..
96%
CubaBahamas, Haiti, Hondura.., Jamaica, Mexico, United ..
96%
NetherlandsBelgium, France, Germany, Saint K.., United ..
96%
SurinameBrazil, France, Guyana
96%
BelgiumFrance, Germany, Luxembo.., Netherl.., United ..
96%
MexicoBelize, Cuba, Guatema.., Hondura.., United ..
96%
LithuaniaBelarus, Latvia, Poland, Russia, Sweden
96%
BurmaBangladesh, China, India, Laos, Thailan..
96%
LatviaBelarus, Estonia, Lithuan.., Russia, Sweden
96%
PhilippinesChina, Indones.., Japan, Malaysi.., Palau, Taiwan, Vietnam
96%
VietnamCambodia, China, Indones.., Laos, Malaysi.., Philipp.., Thailan..
96%
ItalyAlbania, Algeria, Austria, Croatia, France, Greece, Libya, Malta, Montene.., San Mar.., Sloveni.., Spain, Switzer.., Tunisia, Vatican..
96%
GeorgiaArmenia, Azerbai.., Russia, Turkey, Ukraine
96%
FinlandEstonia, Norway, Russia, Sweden
96%
EstoniaFinland, Latvia, Russia, Sweden
95%
AfghanistanChina, Iran, Pakista.., Tajikis.., Turkmen.., Uzbekis..
95%
IndonesiaAustralia, East Ti.., India, Malaysi.., Palau, Papua N.., Philipp.., Singapo.., Thailan.., Vietnam
95%
NepalChina, India
95%
BhutanChina, India
95%
BelarusLatvia, Lithuan.., Poland, Russia, Ukraine
95%
SwitzerlandAustria, France, Germany, Italy, Liechte..
95%
DenmarkGermany, Norway, Poland, Sweden, United ..
94%
LibyaAlgeria, Chad, Egypt, Greece, Italy, Malta, Niger, Sudan, Tunisia
94%
ColombiaBrazil, Costa R.., Dominic.., Ecuador, Haiti, Hondura.., Jamaica, Nicarag.., Panama, Peru, Venezue..
94%
LaosBurma, Cambodi.., China, Thailan.., Vietnam
93%
AlgeriaItaly, Libya, Mali, Maurita.., Morocco, Niger, Spain, Tunisia
93%
CanadaUnited States
93%
South KoreaChina, Japan, North K..
93%
PeruBolivia, Brazil, Chile, Colombi.., Ecuador
92%
BahamasCuba, Haiti, United ..
92%
BoliviaArgentina, Brazil, Chile, Paragua.., Peru
92%
ArgentinaBolivia, Brazil, Chile, Paragua.., Uruguay
92%
TaiwanChina, Japan, Philipp..
92%
EgyptCyprus, Greece, Israel, Jordan, Libya, Saudi A.., Sudan, Turkey
91%
ParaguayArgentina, Bolivia, Brazil
91%
ThailandBurma, Cambodi.., India, Indones.., Laos, Malaysi.., Vietnam
91%
VenezuelaBrazil, Colombi.., Dominic.., Dominic.., Guyana, Saint K.., Saint L.., Saint V.., Trinida..
91%
TajikistanAfghanistan, China, Kyrgyzs.., Uzbekis..
91%
LuxembourgBelgium, France, Germany
91%
AustriaCzech Republic, Germany, Hungary, Italy, Liechte.., Slovaki.., Sloveni.., Switzer..
91%
UruguayArgentina, Brazil
90%
KyrgyzstanChina, Kazakhs.., Tajikis.., Uzbekis..
90%
GuyanaBrazil, Surinam.., Trinida.., Venezue..
90%
Saudi ArabiaBahrain, Egypt, Eritrea, Iran, Iraq, Jordan, Kuwait, Oman, Qatar, Sudan, United .., Yemen
89%
GreeceAlbania, Bulgari.., Cyprus, Egypt, Italy, Libya, Macedon.., Turkey
89%
IranAfghanistan, Armenia, Azerbai.., Bahrain, Iraq, Kuwait, Oman, Pakista.., Qatar, Saudi A.., Turkey, Turkmen.., United ..
89%
SudanCentral African Republic, Chad, Egypt, Eritrea, Ethiopi.., Libya, Saudi A.., South S..
88%
Central African RepublicCameroon, Chad, Democra.., Republi.., South S.., Sudan
85%
ZambiaAngola, Botswan.., Democra.., Malawi, Mozambi.., Namibia, Tanzani.., Zimbabw..
85%
South SudanCentral African Republic, Democra.., Ethiopi.., Kenya, Sudan, Uganda
85%
Democratic Republic of the CongoAngola, Burundi, Central.., Republi.., Rwanda, South S.., Tanzani.., Uganda, Zambia
85%
AustraliaEast Timor, Indones.., New Zea.., Papua N.., Solomon..
85%
TanzaniaBurundi, Comoros, Democra.., Kenya, Malawi, Mozambi.., Rwanda, Seychel.., Uganda, Zambia
85%
AndorraFrance, Spain
85%
Papua New GuineaAustralia, Federat.., Indones.., Solomon..
84%
Czech RepublicAustria, Germany, Poland, Slovaki..
84%
IraqIran, Jordan, Kuwait, Saudi A.., Syria, Turkey
83%
East TimorAustralia, Indones..
83%
MozambiqueComoros, Madagas.., Malawi, South A.., Swazila.., Tanzani.., Zambia, Zimbabw..
82%
Republic of the CongoAngola, Cameroo.., Central.., Democra.., Gabon
82%
UgandaDemocratic Republic of the Congo, Kenya, Rwanda, South S.., Tanzani..
82%
AngolaDemocratic Republic of the Congo, Namibia, Republi.., Zambia
82%
NigerAlgeria, Benin, Burkina.., Chad, Libya, Mali, Nigeria
82%
OmanIran, Pakista.., Saudi A.., United .., Yemen
81%
MaliAlgeria, Burkina.., Cote d'.., Guinea, Maurita.., Niger, Senegal
80%
NamibiaAngola, Botswan.., South A.., Zambia
80%
CameroonCentral African Republic, Chad, Equator.., Gabon, Nigeria, Republi..
80%
BotswanaNamibia, South A.., Zambia, Zimbabw..
79%
BangladeshBurma, India
79%
RwandaBurundi, Democra.., Tanzani.., Uganda
79%
South AfricaBotswana, Lesotho, Mozambi.., Namibia, Swazila.., Zimbabw..
79%
ZimbabweBotswana, Mozambi.., South A.., Zambia
79%
JordanEgypt, Iraq, Israel, Saudi A.., Syria
79%
MoroccoAlgeria, Maurita.., Portuga.., Spain
78%
QatarBahrain, Iran, Saudi A.., United ..
78%
United Arab EmiratesIran, Oman, Qatar, Saudi A..
78%
BurundiDemocratic Republic of the Congo, Rwanda, Tanzani..
78%
TunisiaAlgeria, Italy, Libya
78%
Sri LankaIndia, Maldive..
78%
MaldivesIndia, Sri Lan..
78%
MontenegroAlbania, Bosnia .., Croatia, Italy, Kosovo, Serbia
78%
MalaysiaBrunei, Indones.., Philipp.., Singapo.., Thailan.., Vietnam
77%
CyprusEgypt, Greece, Israel, Lebanon, Syria, Turkey
77%
CroatiaBosnia and Herzegovina, Hungary, Italy, Montene.., Serbia, Sloveni..
77%
HondurasBelize, Colombi.., Cuba, El Salv.., Guatema.., Mexico, Nicarag..
77%
AlbaniaGreece, Italy, Kosovo, Macedon.., Montene..
77%
BahrainIran, Qatar, Saudi A..
76%
ChadCameroon, Central.., Libya, Niger, Nigeria, Sudan
76%
EritreaDjibouti, Ethiopi.., Saudi A.., Sudan, Yemen
76%
SloveniaAustria, Croatia, Hungary, Italy
76%
KuwaitIran, Iraq, Saudi A..
76%
RomaniaBulgaria, Hungary, Moldova, Serbia, Turkey, Ukraine
75%
SwazilandMozambique, South A..
74%
MauritaniaAlgeria, Cape Ve.., Mali, Morocco, Senegal
73%
LesothoSouth Africa
73%
BulgariaGreece, Macedon.., Romania, Serbia, Turkey
73%
MonacoFrance
73%
ArmeniaAzerbaijan, Georgia, Iran, Turkey
73%
HungaryAustria, Croatia, Romania, Serbia, Slovaki.., Sloveni.., Ukraine
72%
IrelandUnited Kingdom
72%
TurkmenistanAfghanistan, Azerbai.., Iran, Kazakhs.., Uzbekis..
72%
Burkina FasoBenin, Cote d'.., Ghana, Mali, Niger, Togo
71%
NigeriaBenin, Cameroo.., Chad, Equator.., Ghana, Niger, Sao Tom..
70%
YemenDjibouti, Eritrea, Oman, Saudi A.., Somalia
68%
New ZealandAustralia, Fiji, Tonga
68%
GabonCameroon, Equator.., Republi.., Sao Tom..
68%
Solomon IslandsAustralia, Papua N.., Vanuatu
67%
GuatemalaBelize, El Salv.., Hondura.., Mexico
67%
MaltaItaly, Libya
67%
PalauFederated States of Micronesia, Indones.., Philipp..
66%
BelizeGuatemala, Hondura.., Mexico
66%
ChileArgentina, Bolivia, Peru
66%
SyriaCyprus, Iraq, Israel, Jordan, Lebanon, Turkey
66%
MacedoniaAlbania, Bulgari.., Greece, Kosovo, Serbia
65%
PortugalMorocco, Spain
65%
SingaporeIndonesia, Malaysi..
65%
SlovakiaAustria, Czech R.., Hungary, Poland, Ukraine
64%
EthiopiaDjibouti, Eritrea, Kenya, Somalia, South S.., Sudan
62%
Costa RicaColombia, Ecuador, Nicarag.., Panama
62%
Vatican CityItaly
61%
San MarinoItaly
61%
BeninBurkina Faso, Ghana, Niger, Nigeria, Togo
60%
SerbiaBosnia and Herzegovina, Bulgari.., Croatia, Hungary, Kosovo, Macedon.., Montene.., Romania
60%
SenegalCape Verde, Gambia, Guinea, Guinea-.., Mali, Maurita..
60%
Cote d'IvoireBurkina Faso, Ghana, Guinea, Liberia, Mali
59%
GuineaCote d'Ivoire, Guinea-.., Liberia, Mali, Senegal, Sierra ..
58%
HaitiBahamas, Colombi.., Cuba, Dominic.., Jamaica
58%
IsraelCyprus, Egypt, Jordan, Lebanon, Syria
57%
JamaicaColombia, Cuba, Haiti
56%
EcuadorColombia, Costa R.., Peru
56%
KenyaEthiopia, Somalia, South S.., Tanzani.., Uganda
55%
PanamaColombia, Costa R..
54%
SomaliaDjibouti, Ethiopi.., Kenya, Yemen
52%
GhanaBenin, Burkina.., Cote d'.., Nigeria, Togo
50%
NicaraguaColombia, Costa R.., El Salv.., Hondura..
50%
KosovoAlbania, Macedon.., Montene.., Serbia
49%
Dominican RepublicColombia, Haiti, Venezue..
47%
CambodiaLaos, Thailan.., Vietnam
47%
Bosnia and HerzegovinaCroatia, Montene.., Serbia
46%
UzbekistanAfghanistan, Kazakhs.., Kyrgyzs.., Tajikis.., Turkmen..
45%
DjiboutiEritrea, Ethiopi.., Somalia, Yemen
45%
El SalvadorGuatemala, Hondura.., Nicarag..
43%
FijiNew Zealand, Tonga, Tuvalu, Vanuatu
40%
Equatorial GuineaCameroon, Gabon, Nigeria, Sao Tom..
39%
MoldovaRomania, Ukraine
38%
TongaFiji, New Zea.., Samoa
38%
TogoBenin, Burkina.., Ghana
37%
Sao Tome and PrincipeEquatorial Guinea, Gabon, Nigeria
35%
LiechtensteinAustria, Switzer..
34%
Cape VerdeGambia, Maurita.., Senegal
34%
MalawiMozambique, Tanzani.., Zambia
34%
Guinea-BissauGuinea, Senegal
33%
LebanonCyprus, Israel, Syria
32%
ComorosMadagascar, Mozambi.., Seychel.., Tanzani..
31%
TuvaluFiji, Kiribat..
29%
SeychellesComoros, Madagas.., Mauriti.., Tanzani..
29%
GambiaCape Verde, Senegal
29%
LiberiaCote d'Ivoire, Guinea, Sierra ..
27%
BruneiMalaysia
27%
Saint Vincent and the GrenadinesBarbados, Grenada, Saint L.., Trinida.., Venezue..
26%
Saint Kitts and NevisAntigua and Barbuda, Netherl.., Venezue..
26%
Sierra LeoneGuinea, Liberia
25%
Trinidad and TobagoBarbados, Grenada, Guyana, Saint V.., Venezue..
25%
Marshall IslandsFederated States of Micronesia, Kiribat.., Nauru
25%
KiribatiMarshall Islands, Nauru, Tuvalu
25%
MadagascarComoros, Mozambi.., Seychel..
24%
Federated States of MicronesiaMarshall Islands, Palau, Papua N..
23%
VanuatuFiji, Solomon..
23%
NauruKiribati, Marshal..
22%
Saint LuciaBarbados, Saint V.., Venezue..
21%
BarbadosSaint Lucia, Saint V.., Trinida..
19%
Iceland0
19%
Antigua and BarbudaSaint Kitts and Nevis
17%
DominicaVenezuela
16%
SamoaTonga
16%
GrenadaSaint Vincent and the Grenadines, Trinida..
15%
MauritiusSeychelles
8%

Score Distribution

Percentile by Number Answered

Percent of People with Each Score

Your Score History

You have not taken this quiz